| 000 | 00938cab a2200277 4500 | ||
|---|---|---|---|
| 001 | X3797 | ||
| 008 | 090401t1996 xxu||||| |||| 00| 0 eng d | ||
| 035 | _a(Sirsi) u32904 | ||
| 041 | _aeng | ||
| 245 | _aCopthorne Hotel (Newcastle) Ltd v Arup Associates | ||
| 260 | _c1996 | ||
| 350 | _a0 | ||
| 490 |
_aConstruction Industry Law Letter _v[1996] CILL 1193-1196(4) |
||
| 520 | _aOral viability advice - no application of res ipsa loquitur - South Australia does not elide tort damages with contract damages (Taken from headnotes) | ||
| 650 | _aBUILT ENVIRONMENT-BUILDING COSTS | ||
| 650 | _aCOPTHORNE HOTEL (NEWCASTLE) LTD V ARUP ASSOCIATES | ||
| 650 | _aCOST ESTIMATES | ||
| 650 | _aDAMAGES | ||
| 650 | _aNEGLIGENCE | ||
| 650 | _aRES IPSA LOQUITUR | ||
| 650 | _aSOUTH AUSTRALIA V YORK MONTAGUE | ||
| 650 | _aTORT | ||
| 690 | _aMANAGEMENT-BUSINESS MANAGEMENT-PROFESSIONAL PRACTICE | ||
| 942 | _n0 | ||
| 948 | _c04/03/1997 | ||
| 999 |
_c21983 _d21983 |
||